[Event "Deizisau Autumn op 15th"]
[Site "Deizisau"]
[Date "2021.11.01"]
[Round "6"]
[White "Koellner, Christof"]
[Black "Dilthey, Lennart"]
[Result "1-0"]
[WhiteElo "2153"]
[BlackElo "1775"]
[PlyCount "59"]
[EventDate "2021.10.29"]
[EventType "swiss"]
[EventRounds "7"]
[EventCountry "GER"]
[SourceTitle "CBM 204 Extra"]
[Source "ChessBase"]
[SourceDate "2021.11.30"]
[SourceVersion "1"]
[SourceVersionDate "2021.11.30"]
[SourceQuality "1"]

1. d4 Nf6 2. Bg5 e6 3. Nd2 Be7 4. e3 d5 5. Bd3 h6 6. Bh4 Nbd7 7. f4 c5 8. c3 b6 9. Ngf3 Qc7 10. Ne5 g5 11. Bg3 Nxe5 12. fxe5 Nd7 13. Qh5 Bb7 14. 0-0 0-0-0 15. Rxf7 Rde8 16. Raf1 Nb8 17. R1f6 Nc6 18. Rxh6 Rhg8 19. Qg4 Nd8 20. Rfh7 Kb8 21. Rg6 Rxg6 22. Bxg6 Rf8 23. Nf3 cxd4 24. exd4 Ba6 25. h4 Qc4 26. Nd2 Qxa2 27. Rxe7 Qa1+ 28. Kh2 Qxb2 29. Qxg5 Rf1 30. Re8 1-0

[Event "Deizisau Autumn op 15th"]
[Site "Deizisau"]
[Date "2021.10.30"]
[Round "2"]
[White "Dilthey, Lennart"]
[Black "Valkova, Angelika"]
[Result "1-0"]
[WhiteElo "1775"]
[BlackElo "2059"]
[PlyCount "75"]
[EventDate "2021.10.29"]
[EventType "swiss"]
[EventRounds "7"]
[EventCountry "GER"]
[SourceTitle "CBM 204 Extra"]
[Source "ChessBase"]
[SourceDate "2021.11.30"]
[SourceVersion "1"]
[SourceVersionDate "2021.11.30"]
[SourceQuality "1"]

1. e4 c6 2. d4 d5 3. Nc3 dxe4 4. Nxe4 Nf6 5. Ng3 h5 6. h4 Bg4 7. f3 Qd6 8. N1e2 Be6 9. c3 Na6 10. Bf4 Qd7 11. Ne4 Nxe4 12. fxe4 Bg4 13. Qb3 e6 14. Ng3 Be7 15. Bxa6 bxa6 16. Nf1 c5 17. Ne3 cxd4 18. Nxg4 hxg4 19. 0-0-0 Qc6 20. Rxd4 Rxh4 21. Qd1 e5 22. Rxh4 Bxh4 23. Bxe5 Bf2 24. Rd5 Be3+ 25. Kb1 f6 26. Bg3 Qe6 27. Qa4+ Kf7 28. Rd6 Qe8 29. Qc4+ Kg6 30. Qd5 Qc8 31. Rd7 Kh6 32. Qf5 Bg5 33. Bf4 Bxf4 34. Qxf4+ Kh7 35. Qf5+ Kg8 36. Qd5+ Kh7 37. Qh5+ Kg8 38. Qf7+ 1-0